Теоретическая физика; Ч. 1: Теория поля

Dades bibliogràfiques
Autor principal: Эйхенвальд А. А.
Idioma:rus
Publicat: Москва, Госиздат, 1926
Matèries:
Format: MixedMaterials Llibre
KOHA link:https://koha.lib.tpu.ru/cgi-bin/koha/opac-detail.pl?biblionumber=204016

MARC

LEADER 00000nam0a2200000 4500
001 204016
005 20231031190002.0
035 |a (RuTPU)RU\TPU\book\222342 
090 |a 204016 
100 |a 20111117d1926 k y0rusy50 ca 
101 0 |a rus 
102 |a RU 
105 |a a z 001zy 
200 1 |a Теоретическая физика  |h Ч. 1: Теория поля  |f А. А. Эйхенвальд 
210 |a Москва  |a Ленинград  |c Госиздат  |d 1926 
215 |a 265 с.  |c ил. 
610 1 |a теоретическая физика 
610 1 |a теория поля 
610 1 |a волны 
610 1 |a колебания 
610 1 |a уравнения 
610 1 |a расчеты 
675 |a 530.145  |v 3 
700 1 |a Эйхенвальд  |b А. А. 
801 1 |a RU  |b 63413507  |c 20111117 
801 2 |a RU  |b 63413507  |c 20190319  |g RCR 
942 |c BK